000 01783cam a2200529 4500
003 PE-LiUPU
005 20250731180148.0
020 _a8495447827
035 _a(Sirsi) i9788495447821
035 _a(Sirsi) 47388
035 _a(Sirsi) 47388
041 _aes
044 _amx
082 0 4 _a530
_bB94
100 1 _aBurbano de Ercilla, Santiago
245 _aFísica general /
_cSantiago Burbano de Ercilla, Enrique Burbano García y Carlos Gracia Muñoz.
250 _a32a
264 1 _aMéxico :
_bTébar.,
_c2006.
300 _a794 páginas :
_bilustraciones ;
_c29 cm.
505 0 _aFísica. Magnitudes Físicas. Sistemas de unidades. Errores en las Medidas.... Cálculo Vectorial. Sistemas de referencia ............... -- Cinemática de la Partícula. Magnitudes fundamentales. Movimiento Rectilíneo -- Cinemática de los Mo
526 _aSEG44
526 _aSEG26
526 _aP159
526 _aP155
526 _aP154
526 _aP153
526 _aP150
526 _aP100
526 _aP31
526 _aP30
526 _aP26
526 _aP25
526 _aP24
526 _aP22
526 _aP15
526 _aP10
650 1 4 _aFísica
700 1 _aBurbano Garcia, Enrique
_ecoaut.
700 1 _aGracia Muñoz, Carlos
_ecoaut.
942 _2ddc
_cBOOK
949 _a530 B94
_i65042
_lCCODEBUL1
_mBUL
_tLIBRO
_o.STAFF. Colección General
859 _q65042
_h530
_iB94
910 _agl
_bjv
_cng
_d20120620
596 _a1
999 _a530 B94
_wDEWEY
_c53730
_i65042
_d53730
_e2016-11-7
_f2021-11-5
_g7
_lCCODEBUL1
_mBUL
_n7
_p86.00
_q2
_r0
_sN
_tBOOK
_u2015-7-6
_xBIBLIOTECA
_zUNKNOWN
_0COMPRA
_o.STAFF. Colección General
980 _81
_gALBERTO SANCHEZ Responsable de Automatización